Financial management : (Record no. 129134)

MARC details
000 -LEADER
fixed length control field 00694nam a22002297a 4500
005 - DATE AND TIME OF LATEST TRANSACTION
control field 20170124110051.0
010 ## - LIBRARY OF CONGRESS CONTROL NUMBER
LC control number A-905080
020 ## - INTERNATIONAL STANDARD BOOK NUMBER
International Standard Book Number 8170143780
Terms of availability 175.00
035 ## - SYSTEM CONTROL NUMBER
System control number A-905080
037 ## - SOURCE OF ACQUISITION
Source of stock number/acquisition Cen Lib/Ret
040 ## - CATALOGING SOURCE
Original cataloging agency DPL
Language of cataloging EN
082 ## - DEWEY DECIMAL CLASSIFICATION NUMBER
Classification number 658.15
Item number MAH
100 ## - MAIN ENTRY--PERSONAL NAME
Personal name Maheshwari, S.N.
9 (RLIN) 8132
245 ## - TITLE STATEMENT
Title Financial management :
Statement of responsibility, etc by S.N. Maheshwari
Remainder of title principles and practices /
250 ## - EDITION STATEMENT
Edition statement 5th rev. ed
260 ## - PUBLICATION, DISTRIBUTION, ETC. (IMPRINT)
Place of publication, distribution, etc New Delhi
Name of publisher, distributor, etc Sultan Chand and Sons
Date of publication, distribution, etc 1997
270 ## - ADDRESS
Address 23,Daryaganj
City New Delhi
Postal code 110002
300 ## - PHYSICAL DESCRIPTION
Extent various pagings
Dimensions 23cm(Hb)
650 ## - SUBJECT ADDED ENTRY--TOPICAL TERM
Topical term or geographic name as entry element Financial management
9 (RLIN) 137405
650 ## - SUBJECT ADDED ENTRY--TOPICAL TERM
Topical term or geographic name as entry element Basic concepts
9 (RLIN) 6792
942 ## - ADDED ENTRY ELEMENTS (KOHA)
Source of classification or shelving scheme Dewey Decimal Classification
Koha item type English Books
Classification part 658.15
Call number suffix MAH
Holdings
Withdrawn status Lost status Damaged status Not for loan Home library Current library Date acquired Source of acquisition Cost, normal purchase price Total Checkouts Full call number Barcode Date last seen Copy number Cost, replacement price Price effective from Koha item type
Withdrawn       Central Library Central Library 04/07/2015 Cen Lib/Ret 175.00   658.15 MAH A-905080 04/07/2015 1 175.00 04/07/2015 English Books

© Delhi Public Library
Hit Counter
free hit counter